[Event "FIDE Grand Swiss Women"]
[Site "Riga LAT"]
[Date "2021.10.27"]
[Round "1.1"]
[White "Maltsevskaya, Aleksandra"]
[Black "Muzychuk, Mariya"]
[Result "1/2-1/2"]
[WhiteTitle "WGM"]
[BlackTitle "GM"]
[WhiteElo "2411"]
[BlackElo "2536"]
[WhiteFideId "24174041"]
[BlackFideId "14114550"]
[EventDate "2021.10.27"]

1. c4 c5 2. Nf3 Nc6 3. d4 cxd4 4. Nxd4 Nf6 5. Nc3 e6 6. a3 Bc5 7. Nb3 Bb6 8. c5
Bc7 9. g3 b6 10. Bg2 Be5 11. O-O O-O 12. Be3 Rb8 13. h3 Ba6 14. cxb6 axb6 15.
Nd4 Nxd4 16. Bxd4 Bxd4 17. Qxd4 d5 18. Rfd1 Qe7 19. e4 dxe4 20. Nxe4 Nd5 21. Nc3
Nxc3 22. Qxc3 Rfc8 23. Qd4 Bb7 24. Bxb7 Qxb7 25. a4 h5 26. b4 Rc2 27. a5 bxa5
28. bxa5 Qa6 29. Qf4 Qa7 30. Rd7 Qxd7 31. Qxb8+ Kh7 32. Qe5 f5 33. a6 Rc8 34. a7
Ra8 35. Qe3 Qb7 36. h4 e5 37. Ra5 g6 38. Qc5 f4 39. Qxe5 fxg3 40. Qxg3 Rxa7 1/2-1/2

[Event "FIDE Grand Swiss Women"]
[Site "Riga LAT"]
[Date "2021.10.27"]
[Round "1.3"]
[White "Milliet, Sophie"]
[Black "Kosteniuk, Alexandra"]
[Result "0-1"]
[WhiteTitle "IM"]
[BlackTitle "GM"]
[WhiteElo "2410"]
[BlackElo "2518"]
[WhiteFideId "623725"]
[BlackFideId "4128125"]
[EventDate "2021.10.27"]

1. e4 c6 2. d4 d5 3. e5 c5 4. dxc5 e6 5. c3 Nc6 6. Nf3 Qc7 7. b4 Nxe5 8. Bf4
Nxf3+ 9. Qxf3 Qd8 10. Na3 a6 11. Bd3 g6 12. O-O Bg7 13. Rad1 Bd7 14. c4 Ne7 15.
cxd5 exd5 16. Bg5 O-O 17. Rfe1 Re8 18. Bc2 h6 19. Bh4 g5 20. Bg3 a5 21. b5 Qc8
22. Bd6 Bg4 23. Qd3 Nf5 24. Rxe8+ Qxe8 25. f3 Nxd6 26. cxd6 Be6 27. Bb3 Rd8 28.
b6 Rxd6 29. Nb5 Rxb6 30. Nc7 Qf8 31. Nxd5 Rc6 32. Kh1 Qc5 33. a4 Rc8 34. h3 Kf8
35. Qe4 Re8 36. Qd3 Qd6 37. Qb5 Qg3 38. Qc5+ Kg8 39. Qb5 Qb8 40. Qxa5 Kh8 41.
Qb5 Rd8 42. Qd3 Qg3 43. Qe4 Rd6 44. Rd3 Qe5 45. Qxe5 Bxe5 46. g4 Kg7 47. Kg2 h5
48. Kf1 h4 49. Ke2 Bg3 50. Ke3 Rc6 51. Kd2 Bd6 52. Kd1 Ra6 53. Kc2 Bf8 54. Ne3
Kf6 55. Nd5+ Kg6 56. Kd1 Rd6 57. Kc2 Kg7 58. Kd1 Bd7 59. Kc2 Bc6 60. Kd1 Rd8 61.
Kc2 Bc5 62. Kc3 Re8 63. Kd2 Bf2 64. f4 Be1+ 65. Kd1 Bg3 66. fxg5 Re1+ 67. Kd2
Re5 68. Kc3 Rxg5 69. Ne3 Be1+ 70. Kb2 Re5 71. Nf5+ Kf6 72. Nd4 Be4 73. Rd1 Bg2
74. Bc4 Bf2 75. Kc3 Bxh3 76. Rh1 Bg2 77. Rb1 h3 78. Rb6+ Kg7 0-1

[Event "FIDE Grand Swiss Women"]
[Site "Riga LAT"]
[Date "2021.10.27"]
[Round "1.4"]
[White "Harika, Dronavalli"]
[Black "Buksa, Nataliya"]
[Result "1/2-1/2"]
[WhiteTitle "GM"]
[BlackTitle "IM"]
[WhiteElo "2511"]
[BlackElo "2409"]
[WhiteFideId "5015197"]
[BlackFideId "14123622"]
[EventDate "2021.10.27"]

1. d4 d5 2. Nf3 Nf6 3. c3 e6 4. Bf4 Bd6 5. e3 O-O 6. Nbd2 c5 7. Bg3 Qc7 8. dxc5
Qxc5 9. Bd3 Nbd7 10. e4 dxe4 11. Bxe4 Qc7 12. Qe2 h6 13. Bxd6 Qxd6 14. Rd1 Qc7
15. O-O Rb8 16. Nd4 a6 17. Rfe1 Nxe4 18. Qxe4 Nc5 19. Qf3 b5 20. Qc6 Qa7 21. Ne4
Nxe4 22. Qxe4 Bb7 23. Qe5 Rbc8 24. Rd3 Rc5 25. Qe3 Rg5 26. Nf3 Qxe3 27. Rexe3
Rd5 28. Ne1 Rc8 29. a3 Kf8 30. f3 Ke7 31. Kf2 g5 32. Nc2 1/2-1/2

[Event "FIDE Grand Swiss Women"]
[Site "Riga LAT"]
[Date "2021.10.27"]
[Round "1.6"]
[White "Abdumalik, Zhansaya"]
[Black "Garifullina, Leya"]
[Result "0-1"]
[WhiteTitle "GM"]
[BlackTitle "WGM"]
[WhiteElo "2507"]
[BlackElo "2409"]
[WhiteFideId "13703544"]
[BlackFideId "34127035"]
[EventDate "2021.10.27"]

1. e4 c5 2. Nf3 d6 3. d4 cxd4 4. Nxd4 Nf6 5. Nc3 a6 6. a4 e5 7. Nf3 Be7 8. g3
O-O 9. Bg2 Be6 10. O-O Nc6 11. Nh4 Nd4 12. Re1 Rb8 13. a5 b6 14. axb6 Qxb6 15.
Qd3 Ng4 16. Rf1 Rfc8 17. Ra4 Bxh4 18. gxh4 Qc6 19. Qd1 Nf6 20. Ra3 Qd7 21. Re1
Rc6 22. Re3 Kh8 23. Rg3 Bg4 24. f3 Be6 25. Bf1 d5 26. h3 h6 27. Kh2 Nh5 28. Rg1
dxe4 29. fxe4 Nf4 30. Rg3 Qe7 31. Ra5 Qxh4 32. Rxe5 Rd8 33. Bd2 Rcd6 34. Nd5
Nxd5 35. exd5 Bxd5 36. Bc3 Ba8 37. Bd3 Qf4 38. Bxd4 Rxd4 39. Qe2 g6 40. Re3 h5
41. Kg1 Qf6 42. Re8+ Kg7 43. Re7 Kf8 44. Qe5 Qxe5 45. Rxe5 R8d6 46. Kf2 Bd5 47.
c3 Ra4 48. b4 Be6 49. Ke3 Ra3 50. Rc5 Kg7 51. Rc7 Kf6 52. Rc5 Ra1 53. Rf3+ Kg7
54. Rc7 Rh1 55. c4 Rb6 56. b5 axb5 57. cxb5 Bd5 58. Rf2 Rxh3+ 59. Kd4 Rxd3+ 60.
Kxd3 Rxb5 61. Kd4 Be6 62. Re2 Kh6 63. Rf2 h4 64. Ke4 g5 65. Rf6+ Kh5 0-1

[Event "FIDE Grand Swiss Women"]
[Site "Riga LAT"]
[Date "2021.10.27"]
[Round "1.7"]
[White "Sukandar, Irine Kharisma"]
[Black "Lei, Tingjie"]
[Result "0-1"]
[WhiteTitle "IM"]
[BlackTitle "GM"]
[WhiteElo "2406"]
[BlackElo "2505"]
[WhiteFideId "7101937"]
[BlackFideId "8605114"]
[EventDate "2021.10.27"]

1. e4 e5 2. Nf3 Nc6 3. Bb5 a6 4. Ba4 Nf6 5. O-O Bc5 6. Nc3 b5 7. Bb3 d6 8. a4
Bg4 9. axb5 Nd4 10. d3 axb5 11. Rxa8 Qxa8 12. Be3 Bxf3 13. gxf3 c6 14. Bxd4 Bxd4
15. Qa1 Qc8 16. Ne2 Bb6 17. Ng3 g6 18. Qc1 Qh3 19. Qg5 Ke7 20. c3 h6 21. Qd2 Nh5
22. Ne2 g5 23. Qd1 Rg8 0-1

[Event "FIDE Grand Swiss Women"]
[Site "Riga LAT"]
[Date "2021.10.27"]
[Round "1.11"]
[White "Bivol, Alina"]
[Black "Stefanova, Antoaneta"]
[Result "1/2-1/2"]
[WhiteTitle "IM"]
[BlackTitle "GM"]
[WhiteElo "2392"]
[BlackElo "2475"]
[WhiteFideId "4100123"]
[BlackFideId "2902257"]
[EventDate "2021.10.27"]

1. e4 e5 2. Nf3 Nc6 3. d4 exd4 4. Nxd4 Bb4+ 5. c3 Be7 6. Be2 Nf6 7. Nxc6 bxc6 8.
e5 Ne4 9. Qc2 d5 10. exd6 Nxd6 11. O-O O-O 12. Nd2 c5 13. Nc4 Nxc4 14. Bxc4 Bd6
15. f4 Bb7 16. Be3 Qh4 17. Qf2 Qxf2+ 18. Bxf2 Rfe8 19. Rfe1 Kf8 20. Rad1 Rab8
21. Rxe8+ Rxe8 22. Bd5 Bxd5 23. Rxd5 Re2 24. Bxc5 Bxc5+ 25. Rxc5 Rxb2 26. Rxc7
Rxa2 27. c4 a5 28. Ra7 Rc2 29. Rxa5 Rxc4 30. g3 Rc2 1/2-1/2

[Event "FIDE Grand Swiss Women"]
[Site "Riga LAT"]
[Date "2021.10.27"]
[Round "1.14"]
[White "Gunina, Valentina"]
[Black "Hoang, Thanh Trang"]
[Result "1-0"]
[WhiteTitle "GM"]
[BlackTitle "GM"]
[WhiteElo "2462"]
[BlackElo "2380"]
[WhiteFideId "4167570"]
[BlackFideId "12400149"]
[EventDate "2021.10.27"]

1. e4 e6 2. d4 d5 3. Nc3 Nf6 4. Bg5 Be7 5. e5 Nfd7 6. h4 h6 7. Bxe7 Qxe7 8. f4
a6 9. Nf3 c5 10. Qd2 Nc6 11. Ne2 b5 12. g4 Bb7 13. a3 Rc8 14. Bg2 Nb6 15. b3 a5
16. f5 exf5 17. gxf5 cxd4 18. f6 gxf6 19. exf6 Qxf6 20. O-O O-O 21. Nexd4 Nd7
22. Nxc6 Qxc6 23. Nd4 Qb6 24. Kh1 Kh8 25. Bh3 Rcd8 26. Be6 Kh7 27. Bf5+ Kh8 28.
Ne6 d4+ 29. Kh2 Qd6+ 30. Kh3 Bg2+ 31. Qxg2 fxe6 32. Qg6 1-0

[Event "FIDE Grand Swiss Women"]
[Site "Riga LAT"]
[Date "2021.10.27"]
[Round "1.17"]
[White "Melia, Salome"]
[Black "Cramling, Pia"]
[Result "1-0"]
[WhiteTitle "IM"]
[BlackTitle "GM"]
[WhiteElo "2371"]
[BlackElo "2447"]
[WhiteFideId "13602446"]
[BlackFideId "1700030"]
[EventDate "2021.10.27"]

1. e4 e5 2. Nf3 Nc6 3. Bb5 a6 4. Ba4 Nf6 5. O-O Be7 6. Re1 b5 7. Bb3 d6 8. c3
O-O 9. h3 Na5 10. Bc2 c5 11. d4 Nd7 12. Nbd2 exd4 13. cxd4 Bb7 14. Nf1 Nc6 15.
Ne3 cxd4 16. Nf5 d3 17. Bxd3 Nde5 18. Bf1 Re8 19. Nxe5 Nxe5 20. Nxe7+ Qxe7 21.
Bd2 Qf6 22. Rc1 Rad8 23. Rc7 Rd7 24. Rxd7 Nxd7 25. Bc3 Qe6 26. Qd4 f6 27. f3 Ne5
28. Qb6 Qd7 29. Rd1 Nf7 30. Bb4 Rc8 31. Qd4 Qc6 32. a3 h6 33. Bd3 Ne5 34. Qxd6
Qxd6 35. Bxd6 Nxd3 36. Rxd3 Rd8 37. Kf2 Kf7 38. Ke3 a5 39. Rc3 Rc8 40. Bc5 h5
41. h4 Ke6 42. b4 axb4 43. axb4 f5 44. Rd3 fxe4 45. Rd6+ Kf5 46. Rd7 Bc6 47.
Rxg7 exf3 48. Rg5+ Kf6 49. gxf3 Ra8 50. Bd4+ Ke6 51. Bc3 Ra3 52. Rc5 Bd5 53. f4
Bc4 54. Kd4 Ra2 55. Re5+ Kd6 56. Rxh5 Rf2 57. Rh6+ Ke7 58. Ke3 Re2+ 59. Kf3 Rc2
60. Be5 Bd5+ 61. Ke3 Rc4 62. h5 Re4+ 63. Kd3 Re1 64. Rb6 Bf3 65. h6 Rh1 66. Kd4
Kd7 67. Rd6+ Ke7 68. Rb6 Kd7 69. Rg6 Bd1 70. Kc5 Be2 71. Kb6 Rh5 72. Bg7 Bd3 73.
Rg3 Bh7 74. Rg1 Rh4 75. Rd1+ Ke6 76. Be5 Rh3 77. Rd6+ Kf5 78. Kxb5 Rh1 79. Kb6 1-0

[Event "FIDE Grand Swiss Women"]
[Site "Riga LAT"]
[Date "2021.10.27"]
[Round "1.18"]
[White "Javakhishvili, Lela"]
[Black "Lujan, Carolina"]
[Result "1-0"]
[WhiteTitle "IM"]
[BlackTitle "IM"]
[WhiteElo "2446"]
[BlackElo "2340"]
[WhiteFideId "13601458"]
[BlackFideId "109878"]
[EventDate "2021.10.27"]

1. d4 Nf6 2. c4 g6 3. Nc3 d5 4. Nf3 Bg7 5. Qb3 dxc4 6. Qxc4 Be6 7. Qa4+ Bd7 8.
Qa3 Bc6 9. e3 O-O 10. Be2 Nd5 11. O-O Nd7 12. Rd1 b6 13. b4 Nxc3 14. Qxc3 Ba4
15. Re1 c5 16. Bb2 Rc8 17. Rac1 Bc6 18. Ba6 Rb8 19. e4 Ba8 20. a4 cxd4 21. Nxd4
e5 22. Nc6 Bxc6 23. Qxc6 Qe7 24. Ba3 Rfd8 25. Qc7 Qh4 26. g3 Qf6 27. Rc6 Qf3 28.
Rc3 Qg4 29. Rd3 Bf6 30. Red1 1-0

[Event "FIDE Grand Swiss Women"]
[Site "Riga LAT"]
[Date "2021.10.27"]
[Round "1.20"]
[White "Badelka, Olga"]
[Black "Eizaguerri Floris, Maria"]
[Result "1-0"]
[WhiteTitle "IM"]
[BlackTitle "FM"]
[WhiteElo "2438"]
[BlackElo "2328"]
[WhiteFideId "13509926"]
[BlackFideId "32065752"]
[EventDate "2021.10.27"]

1. d4 d5 2. c4 e6 3. Nc3 Nf6 4. cxd5 exd5 5. Bg5 c6 6. e3 Nbd7 7. Qc2 Be7 8. Bd3
Nh5 9. Bxe7 Qxe7 10. O-O-O Nb6 11. h3 g6 12. Nf3 Be6 13. Kb1 O-O-O 14. Ka1 Kb8
15. Rb1 Ng7 16. Na4 Nxa4 17. Qxa4 Bf5 18. Rhd1 f6 19. b4 Bxd3 20. Rxd3 a6 21.
Qc2 Nf5 22. a4 Nd6 23. Nd2 f5 24. Qa2 f4 25. exf4 Qe2 26. Rf3 Rhe8 27. Qb2 Ne4
28. Nb3 Nd6 29. Qc3 Ne4 30. Qc1 Qc4 31. Qa3 Nd6 32. Rc1 Qe2 33. Nc5 Qd2 34. Qc3
Re2 35. Qxd2 Rxd2 36. g4 Re8 37. Re3 Rxf2 38. Rxe8+ Nxe8 39. Re1 Nd6 40. Re6 Nc4
41. Re8+ Kc7 42. Re7+ Kc8 43. Rxh7 Na3 44. Nxb7 Nc2+ 45. Kb1 Nxd4 46. Nd6+ Kb8
47. Rb7+ Ka8 48. Rf7 Rf1+ 49. Kb2 Rf2+ 50. Kc3 Rxf4 51. Rxf4 Ne2+ 52. Kd2 Nxf4
53. h4 Kb8 54. Ne8 Kc8 55. Ng7 Kd7 56. h5 gxh5 57. gxh5 Ke7 58. Ke3 Kf7 59. h6
Ng6 60. Kd4 Ne7 61. a5 Kg6 62. Ne6 Kxh6 63. Nc5 Kg5 64. Nxa6 Nc8 65. Nb8 Na7 66.
a6 Kf4 67. Kc5 Ke4 68. Nxc6 Nc8 69. a7 Nxa7 70. Nxa7 d4 71. Nb5 d3 72. Nc3+ Ke5
73. Kc4 d2 74. Kd3 1-0

[Event "FIDE Grand Swiss Women"]
[Site "Riga LAT"]
[Date "2021.10.27"]
[Round "1.25"]
[White "February, Jesse Nikki"]
[Black "Vaishali, R"]
[Result "0-1"]
[WhiteTitle "WIM"]
[BlackTitle "WGM"]
[WhiteElo "1857"]
[BlackElo "2419"]
[WhiteFideId "14312336"]
[BlackFideId "5091756"]
[EventDate "2021.10.27"]

1. e4 c5 2. Nf3 Nc6 3. Nc3 e6 4. d4 cxd4 5. Nxd4 Nf6 6. Nxc6 bxc6 7. e5 Nd5 8.
Nxd5 cxd5 9. Bd3 d6 10. Bb5+ Bd7 11. Bxd7+ Qxd7 12. Qe2 Rc8 13. c3 Rc4 14. f3
Qc7 15. exd6 Bxd6 16. Be3 Bxh2 17. Bxa7 Qxa7 18. b3 Rc6 19. Qb5 Bg3+ 20. Kd1 Kd7 0-1

[Event "FIDE Grand Swiss Women"]
[Site "Riga LAT"]
[Date "2021.10.28"]
[Round "2.2"]
[White "Kosteniuk, Alexandra"]
[Black "Javakhishvili, Lela"]
[Result "1/2-1/2"]
[WhiteTitle "GM"]
[BlackTitle "IM"]
[WhiteElo "2518"]
[BlackElo "2446"]
[WhiteFideId "4128125"]
[BlackFideId "13601458"]
[EventDate "2021.10.27"]

1. e4 c5 2. Nf3 e6 3. c3 Nf6 4. e5 Nd5 5. d4 cxd4 6. cxd4 b6 7. Bc4 Ba6 8. Bxa6
Nxa6 9. Nc3 Nac7 10. Ng5 f5 11. exf6 Nxf6 12. Qd3 Be7 13. h4 Qc8 14. O-O O-O 15.
Re1 Qb7 16. Bd2 Rac8 17. Rac1 Ncd5 18. a4 Nb4 19. Qb1 Nbd5 20. Qd3 Nb4 21. Qb1
Nbd5 22. Qd3 Nb4 23. Qb1 1/2-1/2

[Event "FIDE Grand Swiss Women"]
[Site "Riga LAT"]
[Date "2021.10.28"]
[Round "2.3"]
[White "Shuvalova, Polina"]
[Black "Badelka, Olga"]
[Result "1/2-1/2"]
[WhiteTitle "IM"]
[BlackTitle "IM"]
[WhiteElo "2509"]
[BlackElo "2438"]
[WhiteFideId "24171760"]
[BlackFideId "13509926"]
[EventDate "2021.10.27"]

1. e4 e5 2. Nf3 Nc6 3. Bb5 Nf6 4. O-O Nxe4 5. d4 Nd6 6. dxe5 Nxb5 7. a4 d6 8. e6
Bxe6 9. axb5 Ne5 10. Nd4 Be7 11. f4 Nc4 12. Nc3 O-O 13. Nxe6 fxe6 14. Qe2 Nb6
15. Qxe6+ Kh8 16. Be3 Bf6 17. Bf2 Qe8 18. Qxe8 Rfxe8 19. Ra2 Bxc3 20. bxc3 a5
21. bxa6 Rxa6 22. Rxa6 bxa6 23. Bxb6 cxb6 24. Rd1 Re6 25. c4 h6 26. Rb1 Re4 27.
Rxb6 Rxf4 28. Rxa6 Rxc4 29. Rxd6 Rxc2 30. h3 Kh7 1/2-1/2

[Event "FIDE Grand Swiss Women"]
[Site "Riga LAT"]
[Date "2021.10.28"]
[Round "2.8"]
[White "Arakhamia-Grant, Ketevan"]
[Black "Gunina, Valentina"]
[Result "0-1"]
[WhiteTitle "GM"]
[BlackTitle "GM"]
[WhiteElo "2376"]
[BlackElo "2462"]
[WhiteFideId "13600168"]
[BlackFideId "4167570"]
[EventDate "2021.10.27"]

1. e4 c6 2. d4 d5 3. e5 c5 4. dxc5 e6 5. a3 Bxc5 6. b4 Bb6 7. Nf3 a5 8. b5 Nd7
9. Bd3 a4 10. O-O Ne7 11. Bb2 Nc5 12. Bd4 Bd7 13. Nc3 Nxd3 14. Qxd3 O-O 15. Rab1
Nf5 16. Bxb6 Qxb6 17. Rb4 Rfc8 18. Rfb1 Ra5 19. g4 Ne7 20. h4 Qc7 21. Nxa4 Ng6
22. Qe3 Qxc2 23. Nb6 Rc3 24. Nd4 Rxe3 25. Nxc2 Rc3 26. Nxd7 Rxc2 27. h5 Nf8 28.
Nxf8 Kxf8 29. a4 g5 30. hxg6 hxg6 31. Rd1 Ra2 32. Rdd4 Ra8 33. g5 Re2 34. f4 Ra2
35. b6 Ke7 36. Rb5 Rc8 37. Rb1 Kd7 38. Rdb4 Rcc2 39. Kh1 Kc6 40. Kg1 Rc4 41.
Rxc4+ dxc4 42. Rb4 Kc5 43. Rb5+ Kd4 44. a5 c3 0-1

[Event "FIDE Grand Swiss Women"]
[Site "Riga LAT"]
[Date "2021.10.28"]
[Round "2.10"]
[White "Muzychuk, Mariya"]
[Black "Assaubayeva, Bibisara"]
[Result "1/2-1/2"]
[WhiteTitle "GM"]
[BlackTitle "IM"]
[WhiteElo "2536"]
[BlackElo "2400"]
[WhiteFideId "14114550"]
[BlackFideId "13708694"]
[EventDate "2021.10.27"]

1. e4 c5 2. c3 Nf6 3. e5 Nd5 4. d4 cxd4 5. Nf3 Nc6 6. Bc4 e6 7. cxd4 d6 8. O-O
Be7 9. Qe2 O-O 10. Rd1 Qc7 11. Bd2 dxe5 12. dxe5 b6 13. Na3 a6 14. Rac1 Bb7 15.
h4 b5 16. Bd3 Qb6 17. h5 Ncb4 18. Bb1 Rac8 19. Nc2 Nxc2 20. Bxc2 Rc4 21. Be4
Rxe4 22. Qxe4 Nc3 23. Qe3 Qxe3 24. Bxe3 Nxd1 25. Rxd1 Rd8 26. Rc1 Rc8 27. Rxc8+
Bxc8 28. h6 Bb7 29. Nd4 Bd5 30. hxg7 Kxg7 31. a3 f6 1/2-1/2

[Event "FIDE Grand Swiss Women"]
[Site "Riga LAT"]
[Date "2021.10.28"]
[Round "2.14"]
[White "Arabidze, Meri"]
[Black "Vantika, Agrawal"]
[Result "1/2-1/2"]
[WhiteTitle "IM"]
[BlackTitle "WIM"]
[WhiteElo "2441"]
[BlackElo "2322"]
[WhiteFideId "13604040"]
[BlackFideId "25050389"]
[EventDate "2021.10.27"]

1. Nf3 Nf6 2. g3 g6 3. b3 Bg7 4. Bb2 d6 5. d4 c5 6. Bg2 cxd4 7. Nxd4 d5 8. O-O
O-O 9. c4 dxc4 10. bxc4 Qb6 11. Qb3 Nfd7 12. e3 e5 13. Nb5 Nc5 14. Qa3 Be6 15.
Nd2 Rd8 16. Bc3 Rd7 17. Ba5 Qa6 18. Qxc5 Qxa5 19. Qc8+ Bf8 20. Nb3 Qb6 21. a4
Re7 22. Qc5 Na6 23. Qxb6 axb6 24. Bd5 Bh3 25. Rfb1 Rd7 26. Nc3 Nb4 27. Nd2 Kg7
28. Rb3 Rc8 29. Rab1 Nxd5 30. Nxd5 Bc5 31. Ne4 Bf5 32. Nxc5 Rxc5 33. Nxb6 Rd6
34. Ra1 Be6 35. Rb4 h5 36. Kg2 e4 37. h3 Rd2 38. Rb5 Rc6 39. a5 Bxc4 40. Nxc4
Rxc4 41. Rxb7 Rcc2 42. Rf1 Ra2 43. Re7 Ra4 1/2-1/2

[Event "FIDE Grand Swiss Women"]
[Site "Riga LAT"]
[Date "2021.10.28"]
[Round "2.15"]
[White "Munguntuul, Batkhuyag"]
[Black "Bivol, Alina"]
[Result "1/2-1/2"]
[WhiteTitle "IM"]
[BlackTitle "IM"]
[WhiteElo "2433"]
[BlackElo "2392"]
[WhiteFideId "4900758"]
[BlackFideId "4100123"]
[EventDate "2021.10.27"]

1. e4 e6 2. d4 d5 3. Nc3 Bb4 4. e5 c5 5. a3 Bxc3+ 6. bxc3 Nc6 7. Qg4 g6 8. Nf3
Bd7 9. Qf4 h6 10. Be2 Qa5 11. Qd2 c4 12. a4 O-O-O 13. O-O g5 14. Ba3 Kb8 15.
Rfb1 Ka8 16. h3 f5 17. h4 g4 18. Ne1 Nge7 19. g3 h5 20. Ng2 Ng6 21. Bd6 Rdg8 22.
Ra3 Rh7 23. Bf1 Qd8 24. a5 a6 25. Bc5 Na7 26. Bxa7 Kxa7 27. Rb6 Bc6 28. Ra1 Rf8
29. Nf4 Nxf4 30. Qxf4 Qe7 31. Ra2 Qg7 32. Ra1 Qh6 33. Kh2 Qxf4 1/2-1/2

[Event "FIDE Grand Swiss Women"]
[Site "Riga LAT"]
[Date "2021.10.28"]
[Round "2.24"]
[White "Golsta, Madara"]
[Black "Sukandar, Irine Kharisma"]
[Result "0-1"]
[BlackTitle "IM"]
[WhiteElo "2003"]
[BlackElo "2406"]
[WhiteFideId "11607386"]
[BlackFideId "7101937"]
[EventDate "2021.10.27"]

1. c4 e6 2. Nc3 d5 3. d4 Nf6 4. cxd5 exd5 5. Bg5 Be7 6. e3 O-O 7. Qc2 Re8 8. Bd3
h6 9. Bxf6 Bxf6 10. Nge2 a5 11. O-O c6 12. Qd2 b5 13. Kh1 Nd7 14. Rae1 Nb6 15.
b3 Qe7 16. Bb1 Ba6 17. Nd1 b4 18. f3 Bh4 19. g3 Bf6 20. e4 dxe4 21. fxe4 Rad8
22. Ne3 Bg5 23. h4 Bxe3 24. Qxe3 Bxe2 25. Rxe2 Nd5 26. Qd3 Nc3 27. Re3 Qd7 28.
Ref3 Qh3+ 29. Kg1 Rxd4 30. Qe3 Rdxe4 31. Bxe4 Rxe4 32. Qd3 Ne2+ 33. Kf2 Qh2+ 34.
Ke1 Nxg3+ 35. Re3 Rxe3+ 36. Qxe3 Nxf1 37. Qe8+ Kh7 38. Qe4+ g6 0-1

[Event "FIDE Grand Swiss Women"]
[Site "Riga LAT"]
[Date "2021.10.29"]
[Round "3.1"]
[White "Dzagnidze, Nana"]
[Black "Pogonina, Natalija"]
[Result "1/2-1/2"]
[WhiteTitle "GM"]
[BlackTitle "WGM"]
[WhiteElo "2524"]
[BlackElo "2467"]
[WhiteFideId "13601903"]
[BlackFideId "4147855"]
[EventDate "2021.10.27"]

1. Nf3 d5 2. g3 c6 3. Bg2 Bg4 4. O-O Nf6 5. d3 Nbd7 6. Nbd2 e5 7. e4 Bd6 8. h3
Bh5 9. exd5 Nxd5 10. Nc4 Bc7 11. g4 Bg6 12. Re1 f6 13. d4 O-O 14. dxe5 Nxe5 15.
Ncxe5 fxe5 16. Bg5 Qd6 17. Nxe5 Rae8 18. Nxg6 Qh2+ 19. Kf1 Rxf2+ 20. Kxf2 Bg3+
21. Kf3 Bxe1 22. Qxe1 Rxe1 23. Rxe1 hxg6 24. c4 Qd6 25. Rd1 Qf8+ 26. Kg3 Nf6 27.
b3 Qe7 28. Bf4 Qe2 29. Rd2 Ne4+ 30. Bxe4 Qxe4 31. Rf2 a5 32. a4 Qb1 33. Rf3 Qg1+
34. Kh4 Qe1+ 35. Rg3 g5+ 36. Kxg5 Qe6 37. Kh4 Qf6+ 38. Bg5 Qf2 39. Be3 Qe1 40.
g5 g6 41. Bf4 Qe4 42. Kg4 Qf5+ 43. Kf3 Kf7 44. Kg2 Qc2+ 45. Kg1 Ke6 46. Re3+ Kf5
47. Bg3 Kxg5 48. Re5+ Kf6 49. Re3 g5 50. Bf2 g4 51. hxg4 Qd1+ 52. Be1 Qxg4+ 53.
Kf2 b6 54. Bc3+ Kf5 55. Ke1 Kf4 56. Kd2 Qg2+ 57. Re2 Qf1 58. Re1 Qf2+ 59. Re2
Qf3 60. Re1 Qg2+ 61. Re2 Qg6 62. Re1 Qh7 63. Kc1 Kf3 64. Kb2 Qh2+ 65. Kb1 Qf2
66. Re6 Qg1+ 67. Ka2 Qg2+ 68. Kb1 Kf4 69. Re1 Qg6+ 1/2-1/2

[Event "FIDE Grand Swiss Women"]
[Site "Riga LAT"]
[Date "2021.10.29"]
[Round "3.2"]
[White "Paehtz, Elisabeth"]
[Black "Lei, Tingjie"]
[Result "1/2-1/2"]
[WhiteTitle "IM"]
[BlackTitle "GM"]
[WhiteElo "2475"]
[BlackElo "2505"]
[WhiteFideId "4641833"]
[BlackFideId "8605114"]
[EventDate "2021.10.27"]

1. e4 e5 2. Nf3 Nc6 3. Bb5 a6 4. Ba4 Nf6 5. d4 exd4 6. O-O Be7 7. e5 Ne4 8. Nxd4
Nxd4 9. Qxd4 Nc5 10. Nc3 O-O 11. Nd5 d6 12. Nxe7+ Qxe7 13. exd6 Qxd6 14. Qxd6
cxd6 15. Bb3 Nxb3 16. axb3 Bf5 17. c3 Rfe8 18. Be3 d5 19. b4 Bd3 20. Rfd1 Bc4
21. Re1 f6 22. Bd4 Kf7 23. f3 Rxe1+ 24. Rxe1 Re8 25. Rxe8 Kxe8 26. Kf2 Kf7 27.
Bc5 Ke6 28. Bd4 Bb5 29. Ke3 Bf1 30. Kf2 Bc4 1/2-1/2

[Event "FIDE Grand Swiss Women"]
[Site "Riga LAT"]
[Date "2021.10.29"]
[Round "3.4"]
[White "Gunina, Valentina"]
[Black "Kosteniuk, Alexandra"]
[Result "1/2-1/2"]
[WhiteTitle "GM"]
[BlackTitle "GM"]
[WhiteElo "2462"]
[BlackElo "2518"]
[WhiteFideId "4167570"]
[BlackFideId "4128125"]
[EventDate "2021.10.27"]

1. d4 Nf6 2. c4 e6 3. Nf3 d5 4. Nc3 Bb4 5. Qa4+ Nc6 6. a3 Bxc3+ 7. bxc3 Bd7 8.
cxd5 exd5 9. Bg5 h6 10. Bh4 Ne5 11. Bxf6 Nxf3+ 12. gxf3 Qxf6 13. Qb3 Qb6 14. Qb4
Bf5 15. e3 O-O-O 16. Qxb6 axb6 17. Kd2 Kd7 18. c4 dxc4 19. Bxc4 Ke7 20. Rhc1 Rd7
21. e4 Be6 22. d5 c6 23. Ke3 cxd5 24. Bb5 Rdd8 25. Rc7+ Kd6 26. Rxb7 Rb8 27.
Rxb8 Rxb8 28. Rd1 Rc8 29. f4 f6 30. f5 Bf7 31. a4 Rc3+ 32. Kd4 Rb3 33. f3 dxe4
34. fxe4 Ke7 35. Rc1 Rb4+ 36. Ke3 Rb3+ 37. Kf4 Bh5 38. e5 Rb4+ 39. Ke3 fxe5 40.
Rc6 Rb3+ 41. Kd2 Bg4 42. Re6+ Kd8 43. Rxe5 Rh3 44. Re8+ Kc7 45. Bd3 Kd6 46. Re6+
Kc5 47. Re5+ Kd6 48. Rb5 Kc7 49. Be4 Bf3 50. Bxf3 Rxf3 51. a5 bxa5 52. Rxa5 Kd6
53. Ra7 Rxf5 1/2-1/2

[Event "FIDE Grand Swiss Women"]
[Site "Riga LAT"]
[Date "2021.10.29"]
[Round "3.5"]
[White "Harika, Dronavalli"]
[Black "Stefanova, Antoaneta"]
[Result "1-0"]
[WhiteTitle "GM"]
[BlackTitle "GM"]
[WhiteElo "2511"]
[BlackElo "2475"]
[WhiteFideId "5015197"]
[BlackFideId "2902257"]
[EventDate "2021.10.27"]

1. e4 e5 2. Nf3 Nc6 3. Bb5 a6 4. Ba4 Nf6 5. O-O b5 6. Bb3 Bc5 7. c3 d6 8. a4 Bg4
9. h3 Bxf3 10. Qxf3 b4 11. a5 O-O 12. d3 Rb8 13. Nd2 Na7 14. Bc4 bxc3 15. bxc3
Nb5 16. Nb3 Ba7 17. Bd2 c6 18. Nc1 d5 19. Bxb5 Rxb5 20. Bg5 h6 21. Bh4 Re8 22.
Ne2 Re6 23. Rfb1 dxe4 24. dxe4 Rxa5 25. Rxa5 Qxa5 26. Rb7 Qc5 27. Ng3 Qxf2+ 28.
Qxf2 Bxf2+ 29. Kxf2 g5 30. Bxg5 hxg5 31. Ke3 Ne8 32. Nf5 Nd6 33. Nxd6 Rxd6 34.
Rb6 a5 35. Ra6 f6 36. Rxa5 Kf7 37. Ra7+ Ke6 38. Rc7 f5 39. exf5+ Kxf5 40. g4+
Kg6 41. Ke4 Kf6 42. Rh7 Re6 43. Rd7 Re8 44. Rc7 Re6 45. Rh7 Kg6 46. Rd7 Kf6 47.
c4 Re8 48. Rc7 Re6 49. c5 Kg6 50. Rd7 Kf6 51. Rh7 Kg6 52. Rh8 Kg7 53. Rd8 Kf7
54. Rc8 Ke7 55. Rg8 Kf6 56. Rf8+ Kg7 57. Rf3 Rf6 58. Rf5 Rxf5 59. Kxf5 e4 60.
Kxe4 Kf6 61. Kf3 Ke5 62. Kg3 Kd4 63. h4 gxh4+ 64. Kxh4 Kxc5 65. g5 Kd6 66. Kh5
c5 67. g6 Ke7 68. Kh6 1-0